000 01167nam a22003377a 4500
003 CHAP
005 20220329140121.0
008 971013s1985 r 10010 d
010 _a47228
011 _a48200
035 _a52345
040 _cCHAP
090 _aFolleto 7566 (1985)
111 0 0 _aReunión sobre Fijación Biológica del Nitrógeno (
_n3
_d: 1985
_c: México, D. F.)
_996638
245 1 _aResúmenes
260 _aMéxico, D. F. :
_bSociedad Nacional de la Fijación Biológica del Nitrógeno,
_c(1985)
300 _a95 p.
590 _aBATCH-UPD
_b10
_c20130109
_lUCH01
_h2327
590 _aBATCH-UPD
_b10
_c20130110
_lUCH01
_h1708
590 _aBATCH-UPD
_b10
_c20130409
_lUCH01
_h1852
590 _aBATCH-UPD
_b10
_c20130410
_lUCH01
_h1055
590 _aBATCH-UPD
_b10
_c20130914
_lUCH01
_h0520
590 _aCONVERSION
_b10
_c20130109
_lUCH01
_h1326
650 1 4 _aBacterias nitrificantes.
_99327
650 1 4 _aNitrógeno
_xFijación.
_981472
650 1 4 _aRhizobium.
_997124
901 _aBK
942 _cFOLL
949 _aFolleto 7566 (1985)
_bBC
_cCONG
_d-116595
_eCONG
_fc.2
_i52345
_si
949 _aFolleto 7566 (1985)
_bBC
_cFOLL
_d-116592
_eTS1
_i52345
_si
999 _c47228
_d47228